| 000 | 00949 a2200193 4500 | ||
|---|---|---|---|
| 003 | Nust | ||
| 005 | 20230608102540.0 | ||
| 020 | _a0070494835 | ||
| 040 | _cNust | ||
| 082 | _a005.8,KAH | ||
| 100 |
_aKahte, Atul _9113084 |
||
| 245 |
_aCryptography and Network Security / _cAtul Kahte, |
||
| 260 |
_aIndia _bTata McGraw Hill _c2003. |
||
| 300 | _axxii,435p | ||
| 505 | _aIntroduction to the Concepts of Security (Page-1), Cryptographic Techniques (Page-28), Computer Based Symmetric Key Cryptographic Algorithms (Page-63), Computer Based Asymmetric Key Cryptographic Algorithms (Page-112), Public Key Infrastructure PKI (Page-161), Internet Security Protocols (Page-211), User Authentication Mechanisms (Page-271), Practical Implementations of Cryptography / Security (Page-314), Network Security (Page-322), Case Study on Cryptography and Security (Page-371). | ||
| 600 |
_aATUL KAHATE _9113085 |
||
| 650 | _aCRYPTOGRAPHY | ||
| 942 |
_2ddc _cBKB |
||
| 999 |
_c180195 _d180195 |
||